00793 a2200181 4500020001500000040001300015082001200028100001900040245004200059260004300101300003300144500013700177650002400314856008800338942002400426999001500450952014600465 a0486665216 aDLCbDLC00a003/.541 aAsh, Robert B.10aInformation theory cby Robert B. Ash aNew York :bDover Publications,c1990. axi, 339 p. :bill. ;c22 cm. a"Unabridged and corrected republication of the work originally published by Interscience Publishers ... New York, 1965"--T.p. verso. 0aInformation theory.423Publisher descriptionuhttp://www.loc.gov/catdir/description/dover033/90045415.html cBKk003.54 ASH2ddc c4145d4145 001040708NFICaCLbCLcCSd2007-11-26eProgressive International Agenciesg1038.87l0o003.54 ASHpseecs008747r2012-11-14w2017-01-05yBK